Paul the dauntless: (Record no. 5170)

000 -LEADER
fixed length control field 00573nam a2200181 a 4500
001 - CONTROL NUMBER
control field :::00002911$&:&@@
003 - CONTROL NUMBER IDENTIFIER
control field OkBaRHE
005 - DATE AND TIME OF LATEST TRANSACTION
control field 20000607103258.0
008 - FIXED-LENGTH DATA ELEMENTS--GENERAL INFORMATION
fixed length control field s1916 j 000 0 eng u
040 ## - CATALOGING SOURCE
Transcribing agency
100 1# - MAIN ENTRY--PERSONAL NAME
Personal name Mathews, Basil Joseph,
245 10 - TITLE STATEMENT
Title Paul the dauntless:
Remainder of title the course of a great adventure.
260 ## - PUBLICATION, DISTRIBUTION, ETC. (IMPRINT)
Place of publication, distribution, etc New York, NY., :
Name of publisher, distributor, etc Fleming H. Revell Co.
Date of publication, distribution, etc c1916
300 ## - PHYSICAL DESCRIPTION
Extent 375 p. ;
Dimensions 22 cm.
650 ## - SUBJECT ADDED ENTRY--TOPICAL TERM
Topical term or geographic name as entry element Paul, Saint, apostle
942 ## - ADDED ENTRY ELEMENTS (KOHA)
Source of classification or shelving scheme
Koha item type Books
Copies
Not for loan Price effective from Koha item type Full call number Lost status Copy number Shelving location Barcode Source of classification or shelving scheme Withdrawn status Date last seen Damaged status Permanent Location Date acquired
 2010-04-14BooksBS 2505 .M35 1General Stacks2911  2018-03-16 RHEMA Bible Training College2010-04-14